| 000 | 00000nam##2200000za#4500 |
| 001 | 9.570895 |
| 003 | CaOODSP |
| 005 | 20210624182448 |
| 007 | cr ||||||||||| |
| 008 | 150406|2008||||xxc|||||o f|0| 0 eng|d |
| 040 | |aCaOODSP|beng |
| 043 | |an-cn--- |
| 086 | 1 |aYC19-0/392-7E-PDF |
| 110 | 1 |aCanada. |bParliament. |bSenate. |bStanding Committee on Transport and Communications. |
| 245 | 10|aTime for a new national vision : |h[electronic resource]|bopportunities and constraints for Canada in the global movement of goods / |cThe Honourable Lise Bacon, chair ; the Honourable Donald H. Oliver, deputy chair. |
| 246 | 3 |aReport of the Standing Senate Committee on Transport and Communications |
| 260 | |aOttawa - Ontario : |bSenate. |cJune 2008. |
| 300 | |a106p.|bgraph |
| 490 | 1 |aReport of the Standing Senate Committee on Transport and Communications|v[39th Parliament, 2nd Session, 7th report] |
| 590 | |a11-12-Supp|b2011-07-29 |
| 775 | 08|tVers une nouvelle vision nationale : |w(CaOODSP)9.601539 |
| 830 | #0|aReport of the Standing Senate Committee on Transport and Communications ;|v[39th Parliament, 2nd Session, 7th report]|w(CaOODSP)9.506417 |
| 856 | 40|ahttp://publications.gc.ca|qPDF|s555 KB|uhttps://publications.gc.ca/collections/collection_2011/sen/yc19-0/YC19-0-392-7-eng.pdf|y[39th Parliament, 2nd Session, 7th report] |